Les pays ayant accueillis une finale de Ligue Europa - Statistiques

Statistiques générales
  • Ce quiz a été pris 208 fois
    103 depuis la dernière actualisation
  • Le résultat moyen est 18 sur 21
Statistiques - réponses
Nombres d'éditions Pays % Correct
6 Espagne
100%
15 Allemagne
99%
4 France
99%
13 Italie
99%
8 Angleterre
98%
2 Portugal
98%
1 Russie
98%
3 Belgique
93%
8 Pays-Bas
93%
1 Irlande
91%
1 Suisse
91%
3 Suéde
90%
1 Turquie
90%
2 Pologne
86%
2 Hongrie
85%
1 Autriche
84%
1 Danemark
84%
2 Écosse
83%
1 Roumanie
81%
1 Yougoslavie
35%
1 Azerbaïdjan
34%
Aucun quiz correspondant
Distribution des résultats
% des personnes avec chaque résultat
Percentile par nombre de réponses
Votre historique - résultats
Vous n’avez pas pris ce quiz depuis la dernière actualisation